000 00549nam a22001937a 4500
003 MPLRDC
005 20220104201320.0
008 210129b ||||| |||| 00| 0 eng d
020 _a978-986-6019-74-6
082 _a544.7 SOM
100 _a芒哥(苏谛枫·松帕金达)SUTTLIPONG SOMBATJINDA
245 _a给爱情按个赞!
_c黄竹嬿 译
250 _a初版一刷
260 _a台湾
_b八方出版股份有限公司
_c2013
300 _b
520 _a上架 2017-07-01。
650 _a两性关系
942 _cBK
_o544.7 SOM
999 _c67115
_d67105